Countries that have no borders - Statistics

General Stats
  • This quiz has been taken 42 times
  • The average score is 33 of 39
Answer Stats
Answer % Correct
Japan
97%
Australia
95%
Barbados
92%
New Zealand
92%
Antigua and Barbuda
89%
Cuba
89%
Fiji
89%
Iceland
89%
Madagascar
89%
Malta
89%
Marshall Islands
89%
Jamaica
87%
Maldives
87%
Mauritius
87%
Palau
87%
Solomon Islands
87%
Tuvalu
87%
Bahamas
84%
Comoros
84%
Dominica
84%
Kiribati
84%
Seychelles
84%
Sri Lanka
84%
St Kitts and Nevis
84%
St Lucia
84%
Tonga
84%
Trinidad and Tobago
84%
Vanuatu
84%
Cape Verde
82%
Philippines
82%
Samoa
82%
Sao Tome and Principe
82%
Bahrain
79%
Micronesia
79%
Nauru
79%
St Vincent and the Grenadines
79%
Grenada
74%
Singapore
74%
Taiwan
74%
No matching quizzes found
Score Distribution
Percent of People with Each Score
Percentile by Number Answered
Your Score History
You have not taken this quiz